UBT Library

East Asian experience in environmental governance: response in a rapidly developing region / (Record no. 448)

000 -LEADER
fixed length control field 00606nam a22001817a 4500
005 - DATE AND TIME OF LATEST TRANSACTION
control field 20140517070242.0
008 - FIXED-LENGTH DATA ELEMENTS--GENERAL INFORMATION
fixed length control field 030324s2003 ja a b 001 0 eng
020 ## - INTERNATIONAL STANDARD BOOK NUMBER
International Standard Book Number 9280810723
024 #0 - OTHER STANDARD IDENTIFIER
Terms of availability eng
080 ## - UNIVERSAL DECIMAL CLASSIFICATION NUMBER
Universal Decimal Classification number 504.06
Common auxiliary subdivision (5)
245 00 - TITLE STATEMENT
Title East Asian experience in environmental governance: response in a rapidly developing region /
Statement of responsibility, etc edited by Zafar Adeel.
260 ## -
-- Tokyo ;
-- New York :
-- United Nations University Press,
-- 2003.
300 ## -
-- 246 F. :
-- ill., map ;
-- 23 cm.
504 ## - BIBLIOGRAPHY, ETC. NOTE
Bibliography, etc Includes bibliographical references and index f. 233-246
650 #0 -
-- Mjedisi
650 #0 -
-- Azia
942 ## - ADDED ENTRY ELEMENTS (KOHA)
Source of classification or shelving scheme
Item type Books
Holdings
Withdrawn status Lost status Source of classification or shelving scheme Damaged status Not for loan Collection code Permanent location Current location Shelving location Date acquired Total Checkouts Full call number Barcode Date last seen Koha item type
          Koleksioni i përgjithshem UBT - Ferizaj UBT - Ferizaj Koleksioni i përgjithshem 05/17/2014   504.06 (5) EAS 003000401 05/17/2014 Books
          Koleksioni i përgjithshem UBT - Ferizaj UBT - Ferizaj Koleksioni i përgjithshem 05/17/2014   504.06 (5) EAS 003000402 05/17/2014 Books
          Koleksioni i përgjithshem UBT - Ferizaj UBT - Ferizaj Koleksioni i përgjithshem 05/17/2014   504.06 (5) EAS 003000403 05/17/2014 Books
          Koleksioni i përgjithshem UBT - Ferizaj UBT - Ferizaj Koleksioni i përgjithshem 05/17/2014   504.06 (5) EAS 003000404 05/17/2014 Books
          Koleksioni i përgjithshem UBT - Ferizaj UBT - Ferizaj Koleksioni i përgjithshem 05/17/2014   504.06 (5) EAS 003000405 05/17/2014 Books
          Koleksioni i përgjithshem UBT - Ferizaj UBT - Ferizaj Koleksioni i përgjithshem 05/17/2014   504.06 (5) EAS 003000406 05/17/2014 Books
          Koleksioni i përgjithshem UBT - Ferizaj UBT - Ferizaj Koleksioni i përgjithshem 05/17/2014   504.06 (5) EAS 003000407 05/17/2014 Books
          Koleksioni i përgjithshem UBT - Ferizaj UBT - Ferizaj Koleksioni i përgjithshem 05/17/2014   504.06 (5) EAS 003000408 05/17/2014 Books
          Koleksioni i përgjithshem UBT - Ferizaj UBT - Ferizaj Koleksioni i përgjithshem 05/17/2014   504.06 (5) EAS 003000409 05/17/2014 Books
          Koleksioni i përgjithshem UBT - Ferizaj UBT - Ferizaj Koleksioni i përgjithshem 05/17/2014   504.06 (5) EAS 003000410 05/17/2014 Books
UBT Library © 2015-2024. All rights reserved University Education for Business and Technology